El espacio latinoamericano: cambio económico y gestión urbana en la era de la globalización

Gardado en:
Detalles Bibliográficos
Main Authors: Manero, Fernando (autor), Pastor, Luis Jesús (Author)
Formato: Libro
Idioma:Lingua castelá
Publicado: Valladolid Universidad de Valladolid 2003
Series:Geografía, 13
Subjects:
Tags: Engadir etiqueta
Sen Etiquetas, Sexa o primeiro en etiquetar este rexistro!

MARC

LEADER 00000cam a2200000 a 4500
001 UCK5250
003 CL-VaPUC
008 050715e20030000SP |||||||||||||||||spa|d
020 |a 8484482154 
082 0 4 |a 338.8  |b MAN  |2 21 
100 |a Manero, Fernando  |e autor  |9 494012 
700 0 |a Pastor, Luis Jesús  |e author  |9 494013 
245 1 3 |a El espacio latinoamericano: cambio económico y gestión urbana en la era de la globalización 
300 |a 741 p 
942 |c BK 
945 |d 20050715 00:00:00  |a jcarroza 
260 |a Valladolid  |b Universidad de Valladolid  |c 2003 
650 0 |a Condiciones económicas  |9 258255 
650 0 |a Administración municipal   |9 367333 
651 0 |a América Latina   |9 255027 
583 |a last modification  |c 20140701 12:18:33  |k Rodrigo Vera 
490 0 |a Geografía, 13 
999 |c 313882  |d 313880 
952 |0 0  |1 0  |4 0  |6 338_800000000000000_MAN_2003  |7 0  |8 A  |9 385664  |a BIBING  |b BIBING  |d 2019-11-22  |i 4146956  |o 338.8 MAN 2003  |p 4146956  |r 2025-01-20  |w 2019-11-22  |y BK  |k GEO 
952 |0 0  |1 0  |3 erb  |4 0  |6 338_800000000000000_MAN_2003  |7 0  |8 A  |9 385665  |a BIBING  |b BIBING  |i 5069084  |o 338.8 MAN 2003  |p 5069084  |r 2025-01-20  |w 2019-11-22  |y BK  |k GEO